000 00235nmm a2200085Ia 4500
008 220120s9999||||xx |||||||||||||||||und||
100 _aGivone, Donald, P
245 0 _aDigital principles and design
260 _aTata mc graw hill
_bNew Delhi
999 _c138468
_d138468